000
00293nam a2200121 a 4500
005
20140513081058.0
008
080110s19uu xx 00 eng d
050
_a
VCD
_b
Co683 2004
245
_a
Colors and shapes.
260
_b
Lyons partnership,
_c
2003.
440
_a
Barney:
999
_c
116626
_d
116626